00509nam a2200217Ia 4500003000900000005001700009008004100026040001300067040001300080041000800093100002300101100000800124245005800132250000900190260002100199260000900220300001100229300001000240490003500250490000600285IT-RoPAU20220918175650.0120407s9999 xx 000 0 und d aIT-RoPAU cIT-RoPAU aita aTommaso d’Aquino csan aDell’ente e dell’essenza. Cur. Primo Montanari.  aRoma aEdizioni Paoline c1959 a105 p. c19 cm a ( Philosophica testi, 13). v1